000 00768nam a22002297a 4500
005 20170124105928.0
010 _aA-722545
020 _c00.00
_a0195635515
035 _aA-722545
037 _bCen Lib/Ret
040 _aDPL
_bEN
082 _a380.109
_bRAY
100 _aRay,Himanshu P.
_97644
245 _aThe winds of change :
_cby Himanshu P.Ray
_bBuddhism and the maritime links of early South Asia /
260 _aNew Delhi
_bOxford university press
_c1994
270 _aYMCA library building Jaisingh Road
_bNew Delhi
_e110001
300 _avi,234p. :
_c20cm(Hb)
_bill.
500 _aIncludes bibliographical reference and index
650 _aBuddhism
_91068
650 _aIndian Ocean Region
_97645
942 _2ddc
_cEN
_h380.109
_mRAY
999 _c123672
_d123672